Vizet kér Újszeged küldöttség a főispánnál

Elmentve itt :
Bibliográfiai részletek
Dokumentumtípus: Cikk
Megjelent: 1914-05-31
Sorozat:Délmagyarország 3 No. 126
Kulcsszavak:Cicatricis Lajos, Bay Bertalan, Vízellátás Szeged 1914
Online Access:http://dmarchiv.bibl.u-szeged.hu/59186
LEADER 00466nab a2200145 i 4500
001 delm59186
005 20180927144646.0
008 180927s1914 hu o 0|| hun d
040 |a SZTE Délmagyarország Archívum  |b hun 
041 |a hun 
245 0 0 |a Vizet kér Újszeged   |h [elektronikus dokumentum] :  |b küldöttség a főispánnál 
260 |c 1914-05-31 
300 |a 9 
490 0 |a Délmagyarország  |v 3 No. 126 
695 |a Cicatricis Lajos, Bay Bertalan, Vízellátás Szeged 1914